| 000 | 00478nam a22001697a 4500 | ||
|---|---|---|---|
| 001 | 45644 | ||
| 003 | BD-DhUET | ||
| 008 | 260404b xxu||||| |||| 00| 0 eng d | ||
| 040 |
_c0 _dBD-DhUET |
||
| 100 | _aShopon Ali | ||
| 245 | _aSynthesis of bi-thiadiazole compound for corrosion inhibition of carbon steel | ||
| 260 |
_aDhaka _bDepartment of Chemistry, BUET _c2026 |
||
| 300 | _avi,61p. | ||
| 501 | _aOne CD-ROM | ||
| 504 | _aIncludes bibliographies | ||
| 942 | _cTH | ||
| 999 |
_c45644 _d45644 |
||